[Event "Philip Hogarty Memorial IM 2019"]
[Site "Stillorgan"]
[Date "2019.01.05"]
[Round "7"]
[White "Li, Henry"]
[Black "O`Gorman, Tom"]
[Result "1-0"]
[WhiteElo "2193"]
[BlackElo "2153"]
[Annotator "NA"]
[PlyCount "57"]
[EventDate "2019.01.02"]
[EventType "tourn"]
[EventCountry "IRL"]
[SourceTitle "playchess.com"]
[Source "ChessBase"]
[SourceQuality "1"]
[TimeControl "5400+30"]

1. e4 {[%emt 0:00:18]} c5 {[%emt 0:00:00]} 2. Nf3 {[%emt 0:00:42]} d6 {[%emt 0:00:00]} 3. d4 {[%emt 0:00:13]} cxd4 {[%emt 0:00:00]} 4. Nxd4 {[%emt 0:00:07]} Nf6 {[%emt 0:00:00]} 5. Nc3 {[%emt 0:00:17]} a6 {[%emt 0:00:00]} 6. Bg5 {[%emt 0:00:29]} e6 {[%emt 0:00:00]} 7. f4 {[%emt 0:00:35]} Be7 {[%emt 0:00:05]} 8. Qf3 {[%emt 0:00:34]} Qc7 {[%emt 0:00:05]} 9. O-O-O {[%emt 0:00:31]} Nbd7 {[%emt 0:00:05]} 10. f5 {[%emt 0:02:43]} e5 {[%emt 0:02:10]} 11. Nde2 {[%emt 0:00:30]} b5 {[%emt 0:00:54]} 12. Bxf6 {[%emt 0:00:10]} Nxf6 {[%emt 0:00:08]} 13. Nd5 {[%emt 0:00:21]} Nxd5 {[%emt 0:01:00]} 14. exd5 {[%emt 0:00:08]} Bd7 {[%emt 0:17:29]} 15. Ng3 {[%emt 0:00:38]} Rc8 {[%emt 0:01:09]} 16. Bd3 {[%emt 0:02:19]} a5 {[%emt 0:02:23]} 17. Nh5 {[%emt 0:03:11]} g6 {[%emt 0:15:43]} 18. Ng7+ {[%emt 0:20:16]} Kf8 {[%emt 0:02:04]} 19. fxg6 {[%emt 0:02:13]} hxg6 {[%emt 0:02:24]} 20. Ne6+ {[%emt 0:00:48]} Bxe6 {[%emt 0:00:08]} 21. dxe6 {[%emt 0:00:04]} f6 {[%emt 0:03:19]} 22. Bxg6 {[%emt 0:00:46]} Qc4 {[%emt 0:05:23]} 23. Kb1 {[%emt 0:02:36]} Rd8 {[%emt 0:07:52]} 24. Rd5 {[%emt 0:05:19]} a4 {[%emt 0:08:48]} 25. Bd3 {[%emt 0:02:27]} Qc8 {[%emt 0:01:26]} 26. Qf5 {[%emt 0:04:17]} b4 {[%emt 0:00:34]} 27. g4 {[%emt 0:02:47]} Rg8 {[%emt 0:01:49]} 28. Rf1 {[%emt 0:02:13]} Qc6 {[%emt 0:06:22]} 29. Qh7 {[%emt 0:01:15]} 1-0

[Event "Philip Hogarty Memorial IM 2019"]
[Site "Stillorgan"]
[Date "2019.01.05"]
[Round "7"]
[White "Melaugh, Shane"]
[Black "Brady, Stephen"]
[Result "0-1"]
[WhiteElo "2169"]
[BlackElo "2314"]
[Annotator "NA"]
[PlyCount "96"]
[EventDate "2019.01.02"]
[EventType "tourn"]
[EventCountry "IRL"]
[SourceTitle "playchess.com"]
[Source "ChessBase"]
[SourceQuality "1"]
[TimeControl "5400+30"]

1. c4 {[%emt 0:00:00]} c5 {[%emt 0:05:40]} 2. Nc3 {[%emt 0:00:00]} g6 {[%emt 0:01:18]} 3. g3 {[%emt 0:00:00]} Bg7 {[%emt 0:00:07]} 4. Bg2 {[%emt 0:00:00]} Nc6 {[%emt 0:00:06]} 5. e3 {[%emt 0:02:33]} Nh6 {[%emt 0:00:24]} 6. Nge2 {[%emt 0:00:15]} Nf5 {[%emt 0:00:07]} 7. a3 {[%emt 0:00:20]} d6 {[%emt 0:03:25]} 8. d3 {[%emt 0:00:21]} Rb8 {[%emt 0:03:08]} 9. Rb1 {[%emt 0:00:08]} Bd7 {[%emt 0:04:04]} 10. b4 {[%emt 0:04:06]} b6 {[%emt 0:00:12]} 11. O-O {[%emt 0:00:42]} O-O {[%emt 0:03:17]} 12. b5 {[%emt 0:13:05]} Ne5 {[%emt 0:06:24]} 13. h3 {[%emt 0:00:53]} Bc8 {[%emt 0:00:40]} 14. f4 {[%emt 0:01:36]} Nd7 {[%emt 0:00:25]} 15. e4 {[%emt 0:01:58]} Nxg3 {[%emt 0:01:13]} 16. Nxg3 {[%emt 0:00:59]} Bxc3 {[%emt 0:00:54]} 17. Bb2 {[%emt 0:00:06]} Bxb2 {[%emt 0:02:43]} 18. Rxb2 {[%emt 0:00:04]} e6 {[%emt 0:00:27]} 19. d4 {[%emt 0:08:26]} Qh4 {[%emt 0:04:38]} 20. Kh2 {[%emt 0:00:15]} Bb7 {[%emt 0:01:26]} 21. d5 {[%emt 0:01:29]} exd5 {[%emt 0:04:32]} 22. exd5 {[%emt 0:01:35]} Rbe8 {[%emt 0:02:50]} 23. Ne4 {[%emt 0:01:05]} Qe7 {[%emt 0:09:27]} 24. Rbf2 {[%emt 0:02:52]} Nf6 {[%emt 0:00:27]} 25. Re1 {[%emt 0:00:32]} Nxe4 {[%emt 0:01:27]} 26. Rxe4 {[%emt 0:00:05]} Qh4 {[%emt 0:00:26]} 27. Rfe2 {[%emt 0:00:34]} Rxe4 {[%emt 0:00:39]} 28. Rxe4 {[%emt 0:00:05]} Bc8 {[%emt 0:04:29]} 29. Qf3 {[%emt 0:02:02]} Bf5 {[%emt 0:00:40]} 30. Re3 {[%emt 0:02:51]} Qd8 {[%emt 0:02:34]} 31. Qe2 {[%emt 0:00:20]} Bd7 {[%emt 0:00:09]} 32. Be4 {[%emt 0:07:00]} Re8 {[%emt 0:00:55]} 33. Bd3 {[%emt 0:00:14]} Rxe3 {[%emt 0:04:32]} 34. Qxe3 {[%emt 0:02:12]} Qf6 {[%emt 0:00:02]} 35. Be4 {[%emt 0:01:26]} Kg7 {[%emt 0:03:50]} 36. Bg2 {[%emt 0:03:54]} Bf5 {[%emt 0:00:22]} 37. Kg3 {[%emt 0:01:16]} Kf8 {[%emt 0:00:30]} 38. Bf3 {[%emt 0:00:40]} h5 {[%emt 0:02:23]} 39. h4 {[%emt 0:00:32]} Qa1 {[%emt 0:00:09]} 40. Bg2 {[%emt 0:04:01]} Qd1 {[%emt 0:01:06]} 41. Be4 {[%emt 0:02:24]} Qg4+ {[%emt 0:00:11]} 42. Kf2 {[%emt 0:00:07]} Qxh4+ {[%emt 0:00:08]} 43. Ke2 {[%emt 0:00:08]} Bxe4 {[%emt 0:00:37]} 44. Qxe4 {[%emt 0:00:14]} Qe7 {[%emt 0:00:05]} 45. Ke3 {[%emt 0:00:13]} Qxe4+ {[%emt 0:00:06]} 46. Kxe4 {[%emt 0:00:03]} Ke7 {[%emt 0:00:07]} 47. f5 {[%emt 0:00:04]} g5 {[%emt 0:00:12]} 48. a4 {[%emt 0:00:11]} Kf6 {[%emt 0:00:06]} 0-1

[Event "Philip Hogarty Memorial IM 2019"]
[Site "Stillorgan"]
[Date "2019.01.06"]
[Round "8"]
[White "Sodoma, Jan"]
[Black "Nilssen, Ellen Fredericia"]
[Result "1-0"]
[WhiteElo "2324"]
[BlackElo "2181"]
[Annotator "NA"]
[PlyCount "97"]
[EventDate "2019.01.02"]
[EventType "tourn"]
[EventCountry "IRL"]
[SourceTitle "playchess.com"]
[Source "ChessBase"]
[SourceQuality "1"]
[TimeControl "5400+30"]

1. Nf3 {[%emt 0:00:00]} Nf6 {[%emt 0:00:00]} 2. c4 {[%emt 0:00:00]} g6 {[%emt 0:00:51]} 3. b3 {[%emt 0:00:25]} Bg7 {[%emt 0:04:41]} 4. Bb2 {[%emt 0:00:10]} O-O {[%emt 0:03:41]} 5. g3 {[%emt 0:00:15]} d6 {[%emt 0:03:53]} 6. d4 {[%emt 0:00:19]} Nbd7 {[%emt 0:01:00]} 7. Bg2 {[%emt 0:00:18]} c6 {[%emt 0:03:11]} 8. O-O {[%emt 0:00:24]} Re8 {[%emt 0:00:12]} 9. Nc3 {[%emt 0:08:09]} e5 {[%emt 0:02:05]} 10. dxe5 {[%emt 0:00:49]} dxe5 {[%emt 0:01:33]} 11. Ng5 {[%emt 0:00:56]} Qc7 {[%emt 0:09:09]} 12. Nge4 {[%emt 0:09:45]} Rd8 {[%emt 0:09:48]} 13. Qd6 {[%emt 0:01:39]} Qxd6 {[%emt 0:00:53]} 14. Nxd6 {[%emt 0:00:08]} Nf8 {[%emt 0:01:11]} 15. Nxc8 {[%emt 0:00:50]} Raxc8 {[%emt 0:02:05]} 16. Bh3 {[%emt 0:00:12]} Ra8 {[%emt 0:15:02]} 17. Rfd1 {[%emt 0:00:21]} h5 {[%emt 0:00:21]} 18. Na4 {[%emt 0:16:27]} N6h7 {[%emt 0:00:47]} 19. Nc5 {[%emt 0:00:32]} Ng5 {[%emt 0:01:04]} 20. Bg2 {[%emt 0:00:10]} Rxd1+ {[%emt 0:00:23]} 21. Rxd1 {[%emt 0:00:08]} Rb8 {[%emt 0:00:15]} 22. Kf1 {[%emt 0:04:54]} f5 {[%emt 0:07:41]} 23. e4 {[%emt 0:03:24]} Nf7 {[%emt 0:06:56]} 24. Ke1 {[%emt 0:02:08]} f4 {[%emt 0:03:07]} 25. h4 {[%emt 0:02:24]} fxg3 {[%emt 0:00:55]} 26. fxg3 {[%emt 0:00:09]} b6 {[%emt 0:00:17]} 27. Na6 {[%emt 0:03:03]} Rd8 {[%emt 0:00:24]} 28. Nb4 {[%emt 0:00:12]} Rxd1+ {[%emt 0:01:55]} 29. Kxd1 {[%emt 0:00:07]} Nd8 {[%emt 0:00:18]} 30. Bh3 {[%emt 0:00:09]} Bf6 {[%emt 0:02:10]} 31. c5 {[%emt 0:01:21]} Kg7 {[%emt 0:05:44]} 32. cxb6 {[%emt 0:01:26]} axb6 {[%emt 0:00:08]} 33. Nd3 {[%emt 0:00:05]} Nf7 {[%emt 0:00:09]} 34. b4 {[%emt 0:01:26]} Kh6 {[%emt 0:00:49]} 35. a4 {[%emt 0:00:24]} g5 {[%emt 0:00:20]} 36. hxg5+ {[%emt 0:00:38]} Kxg5 {[%emt 0:02:21]} 37. a5 {[%emt 0:00:46]} bxa5 {[%emt 0:00:22]} 38. bxa5 {[%emt 0:00:08]} Bd8 {[%emt 0:00:08]} 39. a6 {[%emt 0:00:30]} Bb6 {[%emt 0:00:06]} 40. Nxe5 {[%emt 0:00:30]} Nxe5 {[%emt 0:00:22]} 41. Bxe5 {[%emt 0:00:13]} Ng6 {[%emt 0:00:36]} 42. Bb8 {[%emt 0:00:11]} h4 {[%emt 0:00:30]} 43. gxh4+ {[%emt 0:01:17]} Nxh4 {[%emt 0:00:59]} 44. Ke2 {[%emt 0:00:29]} Ng6 {[%emt 0:00:17]} 45. Bf5 {[%emt 0:00:59]} Ne7 {[%emt 0:00:42]} 46. Bd7 {[%emt 0:01:06]} Kf6 {[%emt 0:01:36]} 47. a7 {[%emt 0:01:02]} Bxa7 {[%emt 0:00:06]} 48. Bxa7 {[%emt 0:00:05]} Ke5 {[%emt 0:00:10]} 49. Kd3 {[%emt 0:00:34]} 1-0

[Event "Philip Hogarty Memorial IM 2019"]
[Site "Stillorgan"]
[Date "2019.01.06"]
[Round "8"]
[White "Brady, Stephen"]
[Black "Wall, Gavin"]
[Result "1-0"]
[WhiteElo "2314"]
[BlackElo "2330"]
[Annotator "NA"]
[PlyCount "59"]
[EventDate "2019.01.02"]
[EventType "tourn"]
[EventCountry "IRL"]
[SourceTitle "playchess.com"]
[Source "ChessBase"]
[SourceQuality "1"]
[TimeControl "5400+30"]

1. e4 {[%emt 0:07:42]} e5 {[%emt 0:00:00]} 2. Nf3 {[%emt 0:00:04]} d6 {[%emt 0:00:20]} 3. d4 {[%emt 0:00:07]} exd4 {[%emt 0:00:37]} 4. Nxd4 {[%emt 0:00:40]} Nf6 {[%emt 0:00:05]} 5. Nc3 {[%emt 0:00:06]} Be7 {[%emt 0:00:04]} 6. g3 {[%emt 0:00:38]} O-O {[%emt 0:00:20]} 7. Bg2 {[%emt 0:00:06]} Re8 {[%emt 0:00:32]} 8. O-O {[%emt 0:00:11]} c6 {[%emt 0:00:05]} 9. h3 {[%emt 0:06:15]} Bf8 {[%emt 0:01:17]} 10. b3 {[%emt 0:14:40]} a5 {[%emt 0:01:28]} 11. a4 {[%emt 0:01:32]} Na6 {[%emt 0:00:06]} 12. Bb2 {[%emt 0:02:43]} Nb4 {[%emt 0:02:06]} 13. Re1 {[%emt 0:03:19]} d5 {[%emt 0:08:29]} 14. e5 {[%emt 0:04:53]} Bc5 {[%emt 0:01:33]} 15. Re2 {[%emt 0:08:50]} Nd7 {[%emt 0:00:37]} 16. e6 {[%emt 0:06:03]} Nf6 {[%emt 0:00:49]} 17. exf7+ {[%emt 0:00:06]} Kxf7 {[%emt 0:00:02]} 18. Rxe8 {[%emt 0:00:32]} Qxe8 {[%emt 0:00:06]} 19. Na2 {[%emt 0:00:29]} Nxa2 {[%emt 0:10:34]} 20. Rxa2 {[%emt 0:00:09]} Bd7 {[%emt 0:00:02]} 21. Ra1 {[%emt 0:04:07]} Qc8 {[%emt 0:01:59]} 22. Kh2 {[%emt 0:02:05]} Qc7 {[%emt 0:01:36]} 23. Qf3 {[%emt 0:00:29]} Kg8 {[%emt 0:00:39]} 24. Re1 {[%emt 0:03:49]} Ne4 {[%emt 0:03:07]} 25. Qh5 {[%emt 0:09:27]} Nxf2 {[%emt 0:17:33]} 26. Nb5 {[%emt 0:01:38]} Qd8 {[%emt 0:04:11]} 27. Bxd5+ {[%emt 0:02:15]} Kh8 {[%emt 0:00:42]} 28. Bf7 {[%emt 0:06:58]} cxb5 {[%emt 0:05:38]} 29. Qxc5 {[%emt 0:02:09]} Nxh3 {[%emt 0:00:17]} 30. Qd4 {[%emt 0:01:01]} 1-0

[Event "Philip Hogarty Memorial IM 2019"]
[Site "Stillorgan"]
[Date "2019.01.06"]
[Round "8"]
[White "De Verdier, Michael"]
[Black "Melaugh, Shane"]
[Result "1-0"]
[WhiteElo "2277"]
[BlackElo "2169"]
[Annotator "NA"]
[PlyCount "75"]
[EventDate "2019.01.02"]
[EventType "tourn"]
[EventCountry "IRL"]
[SourceTitle "playchess.com"]
[Source "ChessBase"]
[SourceQuality "1"]
[TimeControl "5400+30"]

1. d4 {[%emt 0:00:00]} e6 {[%emt 0:10:41]} 2. e4 {[%emt 0:00:01]} d5 {[%emt 0:00:29]} 3. exd5 {[%emt 0:00:08]} exd5 {[%emt 0:00:05]} 4. Nf3 {[%emt 0:00:08]} Bd6 {[%emt 0:00:31]} 5. c4 {[%emt 0:00:15]} c6 {[%emt 0:00:31]} 6. Nc3 {[%emt 0:02:10]} Ne7 {[%emt 0:00:54]} 7. Bd3 {[%emt 0:04:37]} Bg4 {[%emt 0:07:33]} 8. O-O {[%emt 0:02:44]} h6 {[%emt 0:03:27]} 9. cxd5 {[%emt 0:07:27]} cxd5 {[%emt 0:00:21]} 10. h3 {[%emt 0:05:29]} Be6 {[%emt 0:02:09]} 11. Nb5 {[%emt 0:17:31]} O-O {[%emt 0:01:16]} 12. Nxd6 {[%emt 0:01:43]} Qxd6 {[%emt 0:00:06]} 13. Re1 {[%emt 0:01:00]} Nbc6 {[%emt 0:00:49]} 14. a3 {[%emt 0:03:05]} a6 {[%emt 0:03:01]} 15. Bd2 {[%emt 0:03:52]} Rfc8 {[%emt 0:07:11]} 16. Bc3 {[%emt 0:02:04]} b5 {[%emt 0:01:54]} 17. Qd2 {[%emt 0:04:21]} Bf5 {[%emt 0:06:23]} 18. Bf1 {[%emt 0:01:12]} Be4 {[%emt 0:05:15]} 19. Ne5 {[%emt 0:01:10]} f6 {[%emt 0:10:45]} 20. Nd3 {[%emt 0:01:09]} Re8 {[%emt 0:08:01]} 21. Nc5 {[%emt 0:01:35]} Ng6 {[%emt 0:01:06]} 22. a4 {[%emt 0:05:57]} bxa4 {[%emt 0:10:40]} 23. Rxa4 {[%emt 0:00:21]} a5 {[%emt 0:01:05]} 24. Bxa5 {[%emt 0:03:02]} Reb8 {[%emt 0:04:05]} 25. Bc3 {[%emt 0:02:27]} Rxa4 {[%emt 0:00:26]} 26. Nxa4 {[%emt 0:00:01]} Nge7 {[%emt 0:01:35]} 27. Nc5 {[%emt 0:01:14]} Bf5 {[%emt 0:00:01]} 28. Ra1 {[%emt 0:02:32]} Nc8 {[%emt 0:00:43]} 29. b4 {[%emt 0:03:12]} N8a7 {[%emt 0:00:49]} 30. Qe3 {[%emt 0:02:35]} Nb5 {[%emt 0:01:28]} 31. Bxb5 {[%emt 0:01:23]} Rxb5 {[%emt 0:00:05]} 32. Qe8+ {[%emt 0:00:58]} Kh7 {[%emt 0:00:06]} 33. Ra6 {[%emt 0:00:20]} Qf4 {[%emt 0:03:50]} 34. Rxc6 {[%emt 0:01:17]} Rxc5 {[%emt 0:00:21]} 35. Rxc5 {[%emt 0:00:40]} Be4 {[%emt 0:00:14]} 36. Qb5 {[%emt 0:02:11]} Bxg2 {[%emt 0:01:59]} 37. Kxg2 {[%emt 0:00:20]} Qe4+ {[%emt 0:00:23]} 38. Kg1 {[%emt 0:00:15]} 1-0

[Event "Philip Hogarty Memorial IM 2019"]
[Site "Stillorgan"]
[Date "2019.01.06"]
[Round "8"]
[White "Delaney, Killian"]
[Black "Li, Henry"]
[Result "1/2-1/2"]
[WhiteElo "2201"]
[BlackElo "2193"]
[Annotator "NA"]
[PlyCount "48"]
[EventDate "2019.01.02"]
[EventType "tourn"]
[EventCountry "IRL"]
[SourceTitle "playchess.com"]
[Source "ChessBase"]
[SourceQuality "1"]
[TimeControl "5400+30"]

1. e4 {[%emt 0:00:00]} e5 {[%emt 0:00:07]} 2. Nf3 {[%emt 0:00:00]} Nc6 {[%emt 0:00:09]} 3. Bb5 {[%emt 0:00:00]} a6 {[%emt 0:00:08]} 4. Ba4 {[%emt 0:00:01]} Nf6 {[%emt 0:00:14]} 5. O-O {[%emt 0:00:15]} Nxe4 {[%emt 0:00:20]} 6. d4 {[%emt 0:00:15]} b5 {[%emt 0:00:15]} 7. Bb3 {[%emt 0:00:06]} d5 {[%emt 0:00:09]} 8. dxe5 {[%emt 0:00:31]} Be6 {[%emt 0:00:19]} 9. Nbd2 {[%emt 0:00:15]} Nc5 {[%emt 0:00:40]} 10. c3 {[%emt 0:02:54]} Be7 {[%emt 0:00:18]} 11. Bc2 {[%emt 0:01:43]} d4 {[%emt 0:00:45]} 12. Nb3 {[%emt 0:00:49]} d3 {[%emt 0:00:31]} 13. Nxc5 {[%emt 0:01:35]} dxc2 {[%emt 0:00:22]} 14. Qxd8+ {[%emt 0:00:11]} Rxd8 {[%emt 0:00:10]} 15. Nxe6 {[%emt 0:00:21]} fxe6 {[%emt 0:00:08]} 16. Be3 {[%emt 0:01:31]} Rd5 {[%emt 0:03:39]} 17. Rac1 {[%emt 0:01:11]} Nxe5 {[%emt 0:01:22]} 18. Nxe5 {[%emt 0:00:16]} Rxe5 {[%emt 0:00:06]} 19. Rxc2 {[%emt 0:01:14]} Kf7 {[%emt 0:00:22]} 20. c4 {[%emt 0:00:22]} b4 {[%emt 0:00:27]} 21. Rd1 {[%emt 0:00:18]} Rd8 {[%emt 0:00:20]} 22. Rxd8 {[%emt 0:00:44]} Bxd8 {[%emt 0:00:08]} 23. Kf1 {[%emt 0:00:29]} Bg5 {[%emt 0:05:57]} 24. Ba7 {[%emt 0:02:33]} Be7 {[%emt 0:07:26]} 1/2-1/2

[Event "Philip Hogarty Memorial IM 2019"]
[Site "Stillorgan"]
[Date "2019.01.06"]
[Round "8"]
[White "O`Gorman, Tom"]
[Black "Greet, Andrew N"]
[Result "0-1"]
[WhiteElo "2153"]
[BlackElo "2420"]
[Annotator "NA RC"]
[PlyCount "74"]
[EventDate "2019.01.02"]
[EventType "tourn"]
[EventCountry "IRL"]
[SourceTitle "playchess.com"]
[Source "ChessBase"]
[SourceQuality "1"]
[TimeControl "5400+30"]

1. e4 {[%emt 0:00:00]} e6 {[%emt 0:00:33]} 2. d4 {[%emt 0:00:00]} d5 {[%emt 0:00:05]} 3. Nd2 {[%emt 0:00:00]} c5 {[%emt 0:00:07]} 4. exd5 {[%emt 0:00:04]} Qxd5 {[%emt 0:00:06]} 5. Ngf3 {[%emt 0:00:09]} cxd4 {[%emt 0:00:07]} 6. Bc4 {[%emt 0:00:07]} Qd6 {[%emt 0:00:06]} 7. O-O {[%emt 0:00:07]} Nf6 {[%emt 0:00:03]} 8. Nb3 {[%emt 0:00:08]} Nc6 {[%emt 0:00:05]} 9. Nbxd4 {[%emt 0:00:07]} Nxd4 {[%emt 0:00:06]} 10. Nxd4 {[%emt 0:00:08]} Be7 {[%emt 0:00:08]} 11. b3 {[%emt 0:00:08]} O-O {[%emt 0:00:21]} 12. Bb2 {[%emt 0:00:06]} Qf4 {[%emt 0:00:33]} 13. Qe2 {[%emt 0:00:24]} Bc5 {[%emt 0:00:38]} 14. Nf3 {[%emt 0:01:48]} b6 {[%emt 0:10:11]} 15. Ba6 {[%emt 0:07:21]} Qe4 {[%emt 0:05:28]} 16. Qxe4 {[%emt 0:07:26]} Nxe4 {[%emt 0:00:06]} 17. Bxc8 {[%emt 0:00:09]} Raxc8 {[%emt 0:00:16]} 18. Rae1 {[%emt 0:15:28]} Bxf2+ {[%emt 0:02:35]} 19. Rxf2 {[%emt 0:00:54]} Nxf2 {[%emt 0:00:04]} 20. Kxf2 {[%emt 0:00:08]} Rxc2+ {[%emt 0:00:07]} 21. Re2 {[%emt 0:00:07]} Rfc8 {[%emt 0:00:26]} 22. Ne1 {[%emt 0:06:28]} Rxe2+ {[%emt 0:00:24]} 23. Kxe2 {[%emt 0:00:02]} f6 {[%emt 0:00:12]} 24. Kd3 {[%emt 0:03:10]} Kf7 {[%emt 0:00:28]} 25. Nc2 {[%emt 0:01:39]} e5 {[%emt 0:00:16]} 26. a4 {[%emt 0:03:08]} Ke6 {[%emt 0:00:25]} 27. g4 {[%emt 0:03:15]} Rd8+ {[%emt 0:01:53]} 28. Ke2 {[%emt 0:01:15]} h5 {[%emt 0:00:49]} 29. h3 {[%emt 0:00:13]} hxg4 {[%emt 0:00:14]} 30. hxg4 {[%emt 0:00:01]} Rh8 {[%emt 0:00:10]} 31. Bc1 {[%emt 0:01:28]} g6 {[%emt 0:03:54]} 32. Na3 {[%emt 0:50:32]} Rh4 {[%emt 0:03:42]} 33. g5 {[%emt 0:00:00]} fxg5 {[%emt 0:03:07]} 34. Nc4 {[%emt 0:00:00]} g4 {[%emt 0:01:35]} 35. Ne3 {[%emt 0:00:00]} Rh2+ {[%emt 0:00:47]} 36. Ke1 {[%emt 0:00:00]} g3 {[%emt 0:02:45]} 37. Ba3 {[%emt 0:00:00]} Ra2 {[%emt 0:00:44]} 0-1

[Event "Philip Hogarty Memorial IM 2019"]
[Site "Stillorgan"]
[Date "2019.01.06"]
[Round "9"]
[White "Greet, Andrew N"]
[Black "Delaney, Killian"]
[Result "0-1"]
[WhiteElo "2420"]
[BlackElo "2201"]
[Annotator "TA"]
[PlyCount "184"]
[EventDate "2019.01.02"]
[EventType "tourn"]
[EventCountry "IRL"]
[SourceTitle "playchess.com"]
[Source "ChessBase"]
[SourceQuality "1"]

{[%evp 15,184,9,9,16,14,14,1,0,0,-23,6,0,14,0,17,16,12,11,15,8,13,18,27,29,20,11,60,21,23,19,13,0,0,0,0,0,-4,-89,-58,-58,-58,-83,-93,-91,-85,-99,-75,-85,-91,-97,-76,-132,-134,-183,-158,-237,-245,-258,-251,-242,-179,-268,-287,-277,-239,-372,-372,-371,-364,-359,-292,-300,-21,-25,-25,-25,-25,-25,-24,-100,-46,-48,-17,-17,-21,-28,0,0,0,-8,-8,-8,0,0,0,0,0,0,0,-8,-8,-8,-8,-8,-8,-8,-8,-8,-8,-8,-8,-8,-8,-8,-8,-29961,-8,-8,-8,-8,-8,-8,-8,-8,-8,-29966,-29968,-29968,-29969,-29969,-29969,-29970,-29971,-29971,-29971,-29969,-29973,-29973,-29974,-29974,-29975,-29975,-29976,-29977,-29978,-29978,-29978,-29978,-29978,-29978,-29978,-29979,-29978,-29978,-29976,-29976,-29977,-29975,0,-29978,-29979,-29982,-29983,-29983,-29984,-29985,-29986,-29986,-29982,-29987,-29988]} 1. d4 d5 2. c4 Nc6 3. Nc3 Nf6 4. cxd5 Nxd5 5. Nf3 e5 6. dxe5 {D07: Queen's Gambit: Chigorin Defence} Bb4 7. Bd2 Nxc3 8. bxc3 Ba5 {LiveBook: 7 Games} 9. g3 (9. e3 O-O 10. Qa4 Bb6 11. Qf4 Qe7 12. h4 f6 13. exf6 Rxf6 {0-1 (41) Aronian,L (2795)-Rapport,R (2730) Novi Sad 2016}) 9... Qe7 10. Bg2 O-O 11. O-O $146 ({Predecessor:} 11. Qa4 Qc5 12. O-O Nxe5 13. Be3 Nxf3+ 14. Bxf3 Qxc3 {1-0 (70) Zhao,Y (2377)-Signorelli,G (2193) Tarvisio 2017}) 11... Nxe5 12. Qc2 Nxf3+ 13. Bxf3 c6 14. Be3 Bb6 15. Bd4 Rd8 16. Qb2 Qc7 17. Rab1 Bh3 (17... c5 $5 18. Be3 $8 Bf5 $11) 18. Rfc1 {[%cal Rd4b6]} c5 19. Be3 Bf5 20. Ra1 Re8 21. Bf4 Qe7 22. c4 Be4 23. Bxe4 Qxe4 24. Be3 Bc7 25. Qc2 Qg4 26. Qb3 (26. Rd1 $11 {keeps the balance.}) 26... Be5 ({Much worse is} 26... Qxe2 $6 27. Qxb7 Bb6 28. a4 $11) 27. Rab1 b6 $1 28. f3 Qh3 29. Bf2 h5 {[%cal Bh7h5,Bh5h4][%mdl 32]} 30. f4 Bd4 $36 {[%mdl 2048] ( -> ...Bxf2+). Black is really pushing.} 31. e3 Bf6 $1 32. Rd1 h4 33. Rd5 (33. Qd3 $142) 33... Re4 $17 34. Qd1 Rae8 {Strongly threatening ...hxg3.} 35. Qf3 (35. Qf1 $17 Qxf1+ 36. Kxf1) 35... Rxc4 $19 36. Rbd1 hxg3 (36... Rc2 37. R5d2 $17) 37. hxg3 Rc3 (37... Rc2 38. e4) 38. R5d3 (38. a4 {was necessary.}) 38... Rxd3 ({Don't take} 38... Rc2 39. R3d2 $19) 39. Rxd3 Qe6 40. Ra3 (40. Qd5 $142) 40... c4 {[%cal Bc5c4,Bc4c3][%mdl 32] aiming for ...c3.} 41. Rxa7 c3 42. Rc7 Qxa2 43. Qc6 Qe6 $2 (43... Rd8 $19 {Threatens to win with ...Rd1+.} 44. Rc8 Qd2) 44. Qxe6 $11 Rxe6 {[%mdl 4096] Endgame KRB-KRB} 45. e4 Rxe4 46. Bxb6 Re2 47. Ba5 (47. Kf1 $11 Re6 48. Ba7) 47... Bd4+ ({Black should play} 47... c2 $17 {And now ...Bd4+ would win.} 48. Kf1 Rh2) 48. Kf1 $15 Re3 49. Rc4 Rd3 50. Ke2 Re3+ (50... Rd2+ $5 51. Ke1 Bf2+ 52. Kf1 Bxg3 53. Rc8+ Kh7 54. Rxc3 Bh4 $17) 51. Kf1 Bf6 52. Kf2 Rd3 53. g4 g6 54. Ke2 Rh3 55. g5 Bg7 56. Kd1 f5 57. gxf6 (57. Rc8+ {keeps more tension.} Kh7 58. Rc7 Rf3 59. Ke2 Rh3 60. Kd1) 57... Bxf6 58. Kc2 Rf3 59. Bxc3 Bxc3 60. Rxc3 Rxf4 $11 {KR-KR} 61. Kd2 Kg7 62. Ke2 Kh6 63. Rh3+ Kg5 64. Rg3+ Kh5 65. Ke3 $2 {[%mdl 8192]} (65. Rg1 $11) 65... g5 $2 (65... Rf1 $1 {mates} 66. Ke2 Rf5 67. Rg2 g5 68. Rg1 Kh4 69. Rh1+ Kg3 70. Rh7 g4 71. Rg7 Kh3 72. Rh7+ Kg2 73. Ke3 g3 74. Ke4 Rf1 75. Ke3 Re1+ 76. Kd2 Rh1 77. Rg7 Kh2 78. Ke2 g2 79. Rh7+ Kg1 80. Rc7 Rh5 81. Rc1+ Kh2 82. Kf2 g1=Q+ $1 {[%mdl 512]} 83. Rxg1 Rf5+ 84. Ke3 Kxg1 85. Ke4 Ra5 86. Kf3 Ra4 87. Kg3 Kf1 88. Kf3 Ke1 89. Ke3 Rh4 90. Kf3 Kd2 91. Kg3 Rd4 92. Kf3 Ra4 93. Kg2 Ke2 94. Kg3 Re4 95. Kg2 Re3 96. Kh1 Kf1 97. Kh2 Kf2 98. Kh1 Rh3#) 66. Rg1 Rf8 67. Rh1+ $1 Kg6 68. Rg1 Rf4 69. Rh1 Kf5 70. Rg1 $2 {[%mdl 8192]} (70. Ra1 $11) 70... g4 71. Ke2 {[#]} Kg5 $1 {[%cal Rg5h4]} 72. Ke3 Rf3+ 73. Ke2 Kf4 74. Rh1 Kg3 75. Rg1+ Kh3 76. Rh1+ Kg2 77. Rh4 g3 {[%cal Bg4g3,Bg3g2][%mdl 32]} 78. Rh8 Rf7 79. Ke1 Re7+ 80. Kd2 Kf2 81. Rf8+ Kg1 82. Rg8 g2 83. Rh8 Re4 84. Kd3 Rg4 85. Ke2 Rg7 86. Ke1 Re7+ 87. Kd2 Re5 {Black mates.} 88. Rh7 Kf2 89. Rf7+ {[#]} Kg3 $1 90. Rg7+ Kf3 91. Kd3 Rd5+ 92. Kc2 Rd4 {Accuracy: White = 53%, Black = 66%.} 0-1